000 00698nam a2200241 a 4500
008
020 _a0471994448 (cased)
049 _aMAIN
050 0 0 _aHD30.25
_fCOY
100 1 _aCoyle, R. G.
245 1 0 _aManagement system dynamics /
_cR. G. Coyle.
260 _aLondon :
_bWiley,
_cc1977.
300 _axii, 463 p. :
_bill. ;
_c24 cm.
504 _aIncludes bibliographical references: p. 441-446.
500 _aIncludes indexes.
650 0 _aSystem analysis.
650 0 _aIndustrial management
_xMathematical models.
907 _a.b10081252
_b11-07-03
_c10-07-03
003
005 20230123133327.0
040 _cNUST
942 _cBOOKS
999 _c146664
_d146664